书目信息 |
| 题名: |
IP交换网原理、技术及实现
|
|
| 作者: | 沈鑫剡 编著 | |
| 分册: | ||
| 出版信息: | 北京 人民邮电出版社 2003.01 |
|
| 页数: | 444页 | |
| 开本: | 26cm | |
| 丛书名: | 现代IP技术丛书 | |
| 单 册: | ||
| 中图分类: | TN915.04 | |
| 科图分类: | ||
| 主题词: | 有线电通信 | |
| 电子资源: | ||
| ISBN: | 7-115-10812-9 | |
| 000 | 00657nam0 2200217 45 | |
| 001 | 0332368396 | |
| 005 | 2003040308592841 | |
| 010 | @a7-115-10812-9@dCNY 46.00 | |
| 100 | @a20030403d2003 km y0chiy0120 ea | |
| 101 | 0 | @achi |
| 102 | @aCN@b110000 | |
| 200 | 1 | @aIP交换网原理、技术及实现@AIP jiao huan wang yuan li、ji shu ji shi xian@f沈鑫剡等编著@FShen Xin Yan Deng Bian Zhu |
| 210 | @a北京@c人民邮电出版社@d2003.01 | |
| 215 | @a444页@d26cm | |
| 225 | 2 | @a现代IP技术丛书 |
| 410 | 0 | @12001 @a现代IP技术丛书 |
| 606 | 0 | @a有线电通信 |
| 690 | @aTN915.04@v3 | |
| 701 | 0 | @a沈鑫剡@AShen Xin Yan@4编著 |
| 801 | 0 | @aCN@bPFT@c20030403 |
| 905 | @a@dTN915.04@eS428 | |
| IP交换网原理、技术及实现/沈鑫剡等编著.-北京:人民邮电出版社,2003.01 |
| 444页;26cm.-(现代IP技术丛书) |
| ISBN 7-115-10812-9:CNY 46.00 |
| ● |
| 相关链接 |
|
|
|
正题名:IP交换网原理、技术及实现
索取号:TN915.04/S428
 
预约/预借
| 序号 | 登录号 | 条形码 | 馆藏地/架位号 | 状态 | 备注 |
| 1 | 372035 | 203720358 | 自科库301/301自科库 38排3列4层/ [索取号:TN915.04/S428] | 在馆 | |
| 2 | 372036 | 203720367 | 自科库301/301自科库 29排2列1层/ [索取号:TN915.04/S428] | 在馆 |